| 000 | 00434 a2200145 4500 | ||
|---|---|---|---|
| 040 |
_aDLC _bDLC |
||
| 082 | _a355.009 | ||
| 100 | _aFuller, J. F. C. | ||
| 245 |
_aThe conduct of war 1789-1961 _cJ. F. C. Fuller. |
||
| 260 |
_aLahore : _bService Book Culb, _c1986. |
||
| 300 |
_a852 p. ; _c24 cm. |
||
| 500 | _aIncludes Index. | ||
| 650 | _a1.Military art and Science--History. 2.Military history, Modern. | ||
| 942 |
_cBK _k355.009 FUL _2ddc |
||
| 999 |
_c7299 _d7299 |
||